000
00225nam a22000857a 4500
008
170301b xxu||||| |||| 00| 0 eng d
100
_9
2983
_a
Fergusson.R
245
_a
The Penguin A-Z The saurus
260
_a
New York
_b
Penguin
_c
2001
999
_c
6227
_d
6227